[Event "2nd Cambridge Int Open"]
[Site "Cambridge ENG"]
[Date "2024.02.21"]
[Round "4.30"]
[White "Hebden, Mark L"]
[Black "Iyengar, Ilya"]
[Result "1-0"]
[WhiteTitle "GM"]
[WhiteElo "2416"]
[BlackElo "1972"]
[WhiteFideId "400084"]
[BlackFideId "405949"]
[EventDate "2024.02.19"]

1. d4 Nf6 2. Bg5 Ne4 3. Bf4 c5 4. d5 Qb6 5. Nd2 Nxd2 6. Bxd2 Qxb2 7. e4 g6 8.
Rb1 Qe5 9. Bd3 Bg7 10. c4 O-O 11. h4 Na6 12. a3 f5 13. Nf3 Qc7 14. h5 e5 15.
hxg6 hxg6 16. Nh4 f4 17. Nxg6 Rf6 18. Ne7+ Kf8 19. Qg4 d6 20. Nxc8 Rxc8 21. g3
fxg3 22. fxg3 Re8 23. Ke2 Qf7 24. Rhf1 b6 25. Bg5 Qg6 26. Rxf6+ Bxf6 27. Rf1 1-0

[Event "2nd Cambridge Int Open"]
[Site "Cambridge ENG"]
[Date "2024.02.21"]
[Round "4.35"]
[White "Skettos, Nicolas"]
[Black "Ward, Ieuan C"]
[Result "1/2-1/2"]
[WhiteElo "1894"]
[BlackElo "2028"]
[WhiteFideId "5900670"]
[BlackFideId "406627"]
[EventDate "2024.02.19"]

1. e4 c5 2. Nf3 d6 3. d4 cxd4 4. Nxd4 Nf6 5. Nc3 a6 6. Be3 e5 7. Nb3 Be6 8. f4
exf4 9. Bxf4 Nc6 10. Qe2 Be7 11. h3 O-O 12. O-O-O Bxb3 13. cxb3 Qa5 14. Kb1 Rfe8
15. g4 Rad8 16. g5 Nd7 17. h4 Nc5 18. Qg2 Ne6 19. Be3 Bf8 20. a3 Ne7 21. h5 Rc8
22. Bc4 b5 23. Bxe6 fxe6 24. b4 Qc7 25. g6 h6 26. Rhf1 Nc6 27. Qh3 Ne5 28. Bd4
Nc4 29. Rf7 Re7 30. Rxe7 Qxe7 31. Ka2 Rb8 32. Rf1 Qe8 33. Rf7 a5 34. Ba7 axb4
35. axb4 Ra8 36. Kb1 Ne5 37. Rb7 Qc8 38. Rb8 Rxb8 39. Bxb8 Qxb8 40. Qxe6+ Kh8
41. Qd5 Qc7 42. Qxb5 Qc4 43. Qe8 Kg8 44. b5 Qb3 45. Ka1 Nd3 46. Qf7+ Qxf7 47.
gxf7+ Kxf7 48. b6 Nc5 49. b4 Nb7 50. Ka2 g5 51. hxg6+ Kxg6 52. Kb3 Kf7 53. Kc4
Ke6 54. Kb5 Kd7 55. Nd5 Kc8 56. Nf4 Nd8 57. Kc4 Kb7 58. Ng6 h5 59. Kd4 Bg7+ 60.
Kd5 Nf7 61. Ke6 Ne5 62. Nf4 Nc4 63. Kd5 Be5 64. Ng6 Nxb6+ 65. Ke6 Bg3 66. Kf5 h4
67. Kg4 Kc6 68. e5 dxe5 69. Nxe5+ Bxe5 70. Kxh4 Kd5 71. Kg4 Ke4 72. b5 Nd5 73.
b6 Nxb6 74. Kh3 Kf3 75. Kh4 Nd5 76. Kg5 Ne7 77. Kh4 Bf4 78. Kh3 Nc6 79. Kh4 Ne5
80. Kh3 Nd3 81. Kh4 Nf2 82. Kh5 Ke4 83. Kg6 Ke5 84. Kf7 Ne4 85. Ke7 Nc5 86. Kd8
Ke6 87. Kc8 Bd6 88. Kd8 Kd5 89. Kc8 Kc6 90. Kd8 Nd3 91. Kc8 Nc5 92. Kd8 Bf4 93.
Ke7 Bg5+ 94. Kf7 Kd5 95. Kg6 Be3 96. Kf5 Ne6 97. Kg4 Ke4 98. Kg3 Nd4 99. Kg2 Kf4
100. Kh2 Kf3 101. Kh1 Bf4 102. Kg1 Bg3 103. Kh1 Nf5 104. Kg1 Bf2+ 105. Kh2 Bd4
106. Kh1 Kf2 107. Kh2 Be5+ 108. Kh1 Kg3 109. Kg1 Ne3 110. Kh1 Ng4 111. Kg1 Bd4+
112. Kf1 Kf3 113. Ke1 Kg2 114. Ke2 Ne5 115. Ke1 Kh1 1/2-1/2

[Event "2nd Cambridge Int Open"]
[Site "Cambridge ENG"]
[Date "2024.02.21"]
[Round "4.36"]
[White "Abhyuday, Santhosh"]
[Black "Wheatley, Wilfred"]
[Result "1-0"]
[WhiteElo "2167"]
[BlackElo "1864"]
[WhiteFideId "25624849"]
[BlackFideId "343414877"]
[EventDate "2024.02.19"]

1. e4 d5 2. exd5 Qxd5 3. Nc3 Qd8 4. d4 Nf6 5. Nf3 Bg4 6. h3 Bxf3 7. Qxf3 c6 8.
g4 Qxd4 9. Be3 Qb4 10. O-O-O e6 11. Bd4 Nbd7 12. g5 Nd5 13. Nxd5 cxd5 14. a3 Qa4
15. Rg1 Bd6 16. Rg4 Be5 17. Bxe5 Nxe5 18. Qxd5 exd5 19. Rxa4 O-O-O 20. Rxa7 Nc6
21. Ra4 h6 22. gxh6 Rxh6 23. Bg2 Kc7 24. Rg4 g6 25. Bxd5 Rxh3 26. Bxf7 Rxd1+ 27.
Kxd1 Rf3 28. Bxg6 Rxf2 29. Be4 Rf7 30. Bxc6 bxc6 31. b3 Rf2 32. Kc1 Kb6 33. Kb2
Rf3 34. b4 Rh3 35. c3 Rf3 36. Kb3 Rh3 37. Kc4 Rh1 38. a4 Rh6 39. a5+ Kc7 40.
Rg7+ Kd6 41. a6 Rh1 42. a7 Ra1 43. Rg6+ Kc7 44. Kc5 Kb7 45. Rg7+ Ka8 46. Kb6 1-0

[Event "2nd Cambridge Int Open"]
[Site "Cambridge ENG"]
[Date "2024.02.21"]
[Round "4.39"]
[White "Golubovic, Erik"]
[Black "Gardiner, Eric D"]
[Result "1/2-1/2"]
[WhiteTitle "CM"]
[WhiteElo "2025"]
[BlackElo "1837"]
[WhiteFideId "14586908"]
[BlackFideId "435880"]
[EventDate "2024.02.19"]

1. d4 d5 2. Nf3 Nf6 3. c4 e6 4. g3 dxc4 5. Bg2 c5 6. O-O Nc6 7. Ne5 Bd7 8. Na3
cxd4 9. Naxc4 Be7 10. Bf4 Rc8 11. Nxd7 Qxd7 12. Ne5 Nxe5 13. Bxe5 Bc5 14. b4 Bb6
15. a4 a6 16. Ra3 O-O 17. Rd3 Rfd8 18. Bxf6 gxf6 19. e3 Rc3 20. exd4 Rxd3 21.
Qxd3 Qxd4 22. Qb3 Rd7 23. h4 Qd3 24. Qxd3 Rxd3 25. a5 Ba7 26. Bxb7 Rxg3+ 27. Kh2
Rb3 28. Bxa6 Rxb4 29. Bc8 Rxh4+ 30. Kg3 Ra4 31. a6 Kg7 32. Rd1 f5 33. Rd7 Bc5
34. Rb7 Kg6 35. Bd7 Rxa6 36. Be8 Bd6+ 37. Kg2 h6 38. Bxf7+ Kf6 39. Be8 Ra8 40.
Bh5 Rg8+ 41. Kf3 Rh8 42. Rd7 Be7 43. Ke2 e5 44. Rb7 e4 45. f3 exf3+ 46. Kxf3 Bd6
47. Rb6 Rd8 48. Ra6 Kg5 49. Bf7 h5 50. Ra5 Bb4 51. Rb5 Rd4 52. Be6 Rf4+ 53. Kg2
Rg4+ 54. Kf3 Rf4+ 55. Kg2 Be1 56. Rxf5+ Rxf5 57. Bxf5 Kxf5 58. Kh1 1/2-1/2

[Event "2nd Cambridge Int Open"]
[Site "Cambridge ENG"]
[Date "2024.02.21"]
[Round "4.45"]
[White "Hutchinson, Norman A"]
[Black "Chiang, Richard"]
[Result "1-0"]
[WhiteElo "1962"]
[BlackElo "1609"]
[WhiteFideId "411540"]
[BlackFideId "446742"]
[EventDate "2024.02.19"]

1. e4 c6 2. d4 d5 3. e5 c5 4. dxc5 Nc6 5. Nf3 Bg4 6. c3 e6 7. Bb5 Bxf3 8. Qxf3
Bxc5 9. Qg3 g6 10. O-O Ne7 11. Bg5 O-O 12. b4 Bb6 13. Bxc6 bxc6 14. Qh4 Re8 15.
Bf6 Qd7 16. g4 h5 17. Qg5 Kh7 18. Nd2 Ng8 19. gxh5 Bd8 20. hxg6+ fxg6 21. Qh4+
Nh6 22. Nf3 Bxf6 23. exf6 Rh8 24. Ne5 Qc7 25. f4 Kg8 26. Qg5 Nf5 27. f7+ Kf8 28.
Qf6 Rh6 29. Nxg6+ Rxg6+ 30. Qxg6 Qxf7 31. Qxf7+ Kxf7 32. Rae1 Rg8+ 33. Kh1 Rh8
34. Rf3 Nd6 35. Re2 Rh4 36. h3 Kf6 37. Kh2 Ne4 38. c4 Kf5 39. c5 d4 40. Rd3 e5
41. fxe5 Kxe5 42. Kg2 Rf4 43. Rf3 Rh4 44. Kf1 Kd5 45. a3 Kc4 46. Ke1 Nc3 47. Re7
Nb5 48. Re6 Nxa3 49. Rxa3 Kxb4 50. Rxa7 Kxc5 51. Ra3 Kd5 52. Rg6 c5 53. Rg4 Rh5
54. h4 Kc4 55. Rh3 Rd5 56. Kd2 Kb4 57. h5 c4 58. h6 c3+ 59. Kd3 Kb3 60. Rg2 Rc5
61. Rc2 Re5 62. h7 Re3+ 63. Rxe3 dxe3 64. h8=Q 1-0

[Event "2nd Cambridge Int Open"]
[Site "Cambridge ENG"]
[Date "2024.02.21"]
[Round "4.48"]
[White "Bay-Petersen, Ole"]
[Black "Yu, Rock"]
[Result "0-1"]
[WhiteElo "1672"]
[BlackElo "1817"]
[WhiteFideId "430188"]
[BlackFideId "489000"]
[EventDate "2024.02.19"]

1. d4 g6 2. Nf3 Bg7 3. e3 d6 4. b3 Nc6 5. Bb2 a6 6. Nbd2 Bg4 7. h3 Bxf3 8. Nxf3
e5 9. d5 Nce7 10. e4 f5 11. Ng5 Qd7 12. Ne6 Bf6 13. g4 fxg4 14. hxg4 g5 15. Rh5
h6 16. Qf3 Ng6 17. O-O-O Nf4 18. Nxf4 exf4 19. Be2 Bxb2+ 20. Kxb2 Qg7+ 21. Kb1
Qe5 22. Rhh1 Rh7 23. Qd3 Re7 24. f3 Kd8 25. Qd4 Qxd4 26. Rxd4 Ke8 27. c4 a5 28.
Kb2 Kf7 29. Rc1 b6 30. a3 Ree8 31. b4 axb4 32. axb4 Ra4 33. Bd1 Ra7 34. Bb3 Nf6
35. c5 bxc5 36. bxc5 Nd7 37. Ra4 Rxa4 38. Bxa4 Rb8+ 39. Kc2 Nxc5 40. Bc6 Nb3 41.
Rd1 Na5 42. Bd7 Nc4 43. Be6+ Kg7 44. Kc3 Ne5 45. Rf1 Rb5 46. Kc2 Rb4 47. Kc3
Rc4+ 48. Kd2 Ra4 49. Rc1 Nxf3+ 50. Kd1 Ra7 51. Rc3 Nh4 52. Rb3 f3 53. Rb8 Ra1+
54. Kd2 f2 55. Rg8+ Kh7 0-1

[Event "2nd Cambridge Int Open"]
[Site "Cambridge ENG"]
[Date "2024.02.21"]
[Round "4.49"]
[White "Martin, Lewis"]
[Black "Alderson, John K A"]
[Result "1-0"]
[WhiteTitle "FM"]
[WhiteElo "2144"]
[BlackElo "1788"]
[WhiteFideId "410551"]
[BlackFideId "422711"]
[EventDate "2024.02.19"]

1. c4 e5 2. g3 Nf6 3. Bg2 c6 4. d4 Bb4+ 5. Bd2 Bxd2+ 6. Qxd2 exd4 7. Qxd4 d5 8.
cxd5 cxd5 9. Nc3 Be6 10. O-O-O Nc6 11. Qa4 O-O 12. e4 Qb6 13. exd5 Qxf2 14. Rd2
Qe1+ 15. Qd1 Qxd1+ 16. Nxd1 Nxd5 17. Bxd5 Bxd5 18. Rxd5 Nb4 19. Rb5 Rac8+ 20.
Kb1 Rfd8 21. Nf3 Nd3 22. Ne3 Re8 23. Nf5 Rcd8 24. Rxb7 g6 25. Nh6+ Kf8 26. Rxf7# 1-0

[Event "2nd Cambridge Int Open"]
[Site "Cambridge ENG"]
[Date "2024.02.21"]
[Round "4.50"]
[White "Banerjee, Supratit"]
[Black "Lenton, Oliver J"]
[Result "1-0"]
[WhiteTitle "CM"]
[WhiteElo "2137"]
[BlackElo "1787"]
[WhiteFideId "2410079"]
[BlackFideId "490237"]
[EventDate "2024.02.19"]

1. e4 e5 2. Nf3 d6 3. d4 Nd7 4. Nc3 Ngf6 5. Be2 Be7 6. O-O c6 7. Re1 Qc7 8. h3
b5 9. a3 a6 10. Be3 O-O 11. Kh1 Re8 12. g4 d5 13. Nxe5 Nxe5 14. dxe5 Nxe4 15.
Nxe4 dxe4 16. Qd4 c5 17. Qc3 Bb7 18. Bf1 Rac8 19. Bg2 Bh4 20. Rad1 Qxe5 21. Qxe5
Rxe5 22. Rd7 Re7 23. Red1 Kf8 24. Rd8+ Re8 25. R8d7 Ba8 26. Ra7 Re6 27. Rdd7 Be7
28. Rdc7 Rxc7 29. Rxa8+ Bd8 30. Rxd8+ Ke7 31. Rd5 g6 32. Bxc5+ Ke8 33. b4 Rd7
34. Rxd7 Kxd7 35. Bf1 f5 36. c4 Kc6 37. Be3 Rd6 38. Be2 bxc4 39. Bxc4 Kb7 40. b5
a5 41. g5 Rd8 42. Kg2 Rd7 43. Kg3 Rd8 44. Kf4 Re8 45. Bd5+ Kb8 46. b6 Re7 47.
Bc5 1-0

[Event "2nd Cambridge Int Open"]
[Site "Cambridge ENG"]
[Date "2024.02.21"]
[Round "4.51"]
[White "Lim, Mark ENG"]
[Black "Hutchinson, Paul A"]
[Result "0-1"]
[WhiteElo "1776"]
[BlackElo "2005"]
[WhiteFideId "417734"]
[BlackFideId "411558"]
[EventDate "2024.02.19"]

1. Nf3 Nf6 2. g3 d5 3. Bg2 h6 4. c4 c6 5. Qa4 e6 6. O-O Bd6 7. cxd5 exd5 8. Nc3
O-O 9. d3 Re8 10. Qh4 Bf5 11. Re1 Nbd7 12. Nd4 Bxd3 13. Bxh6 Bg6 14. Bg5 Qb6 15.
Nb3 Ne4 16. Be3 Qc7 17. Rac1 Nxc3 18. Rxc3 Be4 19. a3 Nf6 20. Bd4 Be5 21. Bxe5
Rxe5 22. Qf4 Qe7 23. Bxe4 Rxe4 24. Qf3 Re8 25. Nc5 Re5 26. b4 a5 27. bxa5 d4 28.
Rb3 Rxc5 29. Reb1 Qxe2 30. Qf4 d3 31. Rxb7 d2 32. Qc7 Rc1+ 33. Kg2 Qf1+ 34. Kf3
d1=Q+ 35. Kf4 Qg4# 0-1

[Event "2nd Cambridge Int Open"]
[Site "Cambridge ENG"]
[Date "2024.02.21"]
[Round "4.52"]
[White "Okhai, Shabir"]
[Black "Latypova, Olga L"]
[Result "1-0"]
[WhiteElo "2104"]
[BlackElo "1684"]
[WhiteFideId "445134"]
[BlackFideId "472476"]
[EventDate "2024.02.19"]

1. e4 c5 2. Nf3 e6 3. g3 Nc6 4. Bg2 Nge7 5. O-O d5 6. exd5 exd5 7. d4 cxd4 8.
Nxd4 Nxd4 9. Qxd4 Be6 10. Re1 Rc8 11. Qxa7 Qd7 12. c3 Nc6 13. Qa4 Be7 14. Be3
O-O 15. Nd2 Ra8 16. Qd1 Ne5 17. Nf3 Nc4 18. Bc1 Bc5 19. b3 Na3 20. Be3 Bxe3 21.
Rxe3 Ra7 22. Nd4 Rfa8 23. Qd3 Ra5 24. Rae1 R5a6 25. Re5 Rd6 26. Bf1 g6 27. Qe3
Rc8 28. Qc1 Ra8 29. Bd3 b5 30. h4 Qe7 31. h5 Qf6 32. hxg6 hxg6 33. Bxg6 1-0

[Event "2nd Cambridge Int Open"]
[Site "Cambridge ENG"]
[Date "2024.02.21"]
[Round "4.54"]
[White "Blauhut, Anna"]
[Black "Smart, Michael R"]
[Result "1/2-1/2"]
[WhiteElo "1532"]
[BlackElo "1943"]
[WhiteFideId "1550128"]
[BlackFideId "411370"]
[EventDate "2024.02.19"]

1. e4 Nf6 2. e5 Nd5 3. d4 d6 4. Bc4 Nb6 5. Bb3 dxe5 6. Qh5 e6 7. dxe5 g6 8. Qe2
Nc6 9. Nf3 h6 10. Nc3 Bg7 11. Bd2 Bd7 12. a3 a6 13. h3 Qe7 14. Ba2 O-O 15. O-O
Rad8 16. Rad1 Bc8 17. Bf4 Rxd1 18. Rxd1 Rd8 19. Rd2 Kh7 20. h4 Rxd2 21. Qxd2 Nd7
22. Qe3 Qc5 23. Qe4 Ndxe5 24. Nxe5 Bxe5 25. Bxe5 Qxe5 26. Bc4 Qxe4 27. Nxe4 Kg7
28. Nc5 Nb8 29. Be2 b6 30. Nd3 Bb7 31. f3 Kf6 32. Kf2 g5 33. hxg5+ hxg5 34. Ke3
Nc6 35. Nf2 Ne5 1/2-1/2

[Event "2nd Cambridge Int Open"]
[Site "Cambridge ENG"]
[Date "2024.02.21"]
[Round "4.55"]
[White "Gaffney, Samuel"]
[Black "Sasikumar, Srivathsan"]
[Result "0-1"]
[WhiteElo "1689"]
[BlackElo "1719"]
[WhiteFideId "420859"]
[BlackFideId "343401279"]
[EventDate "2024.02.19"]

1. d4 Nf6 2. Nf3 d5 3. c4 e6 4. Nc3 c6 5. e3 Nbd7 6. Qc2 Bd6 7. Bd3 dxc4 8. Bxc4
b5 9. Be2 Bb7 10. O-O O-O 11. Rd1 Qc7 12. h3 Rac8 13. Bd2 Rfd8 14. Rac1 a6 15.
a3 e5 16. e4 exd4 17. Nxd4 c5 18. Nf5 b4 19. Nd5 Bxd5 20. exd5 Nxd5 21. Bxa6 Rb8
22. Bc4 N7f6 23. Nxd6 Rxd6 24. Bg5 Qc6 25. Bxd5 Rxd5 26. Rxd5 Nxd5 27. Qxc5 Qe6
28. Rd1 bxa3 29. bxa3 Nb6 30. Rd8+ Rxd8 31. Bxd8 Nd7 32. Qe7 Qc4 33. Qe8+ Nf8
34. Qe1 Ne6 35. Ba5 h6 36. Bb4 Nf4 37. Kh2 Nd3 38. Qe2 Qd5 39. g3 Ne5 40. Kg1
Nf3+ 41. Kf1 Nd4 42. Qe8+ Kh7 43. Ke1 Qc4 44. Qe4+ f5 0-1

[Event "2nd Cambridge Int Open"]
[Site "Cambridge ENG"]
[Date "2024.02.21"]
[Round "4.56"]
[White "Baguley, John"]
[Black "Bowers, Francis J"]
[Result "1-0"]
[WhiteElo "1790"]
[BlackElo "1732"]
[WhiteFideId "436755"]
[BlackFideId "438383"]
[EventDate "2024.02.19"]

1. d4 Nf6 2. Bf4 c5 3. e3 d5 4. c3 Nc6 5. Nf3 Bf5 6. Bd3 Bxd3 7. Qxd3 e6 8. Nbd2
Bd6 9. Bg3 c4 10. Qe2 b5 11. e4 Bxg3 12. hxg3 b4 13. exd5 bxc3 14. bxc3 Nxd5 15.
Qxc4 Rc8 16. Qd3 Qa5 17. Ne4 Ke7 18. Kd2 Ncb4 19. cxb4 Nxb4 20. Qb3 Nc2+ 21. Kd3
Nxa1 22. Rxa1 Rb8 23. Qc3 Rhc8 24. Nc5 Qb5+ 25. Ke3 Qb2 26. Qxb2 Rxb2 27. Ne5 f6
28. Ned3 Rc2 29. Nb4 Rc4 30. Nbd3 Rd8 31. Rb1 Rdxd4 32. Rb7+ Ke8 33. Rxa7 e5 34.
f3 Rc2 35. Ne6 Rdc4 36. Nxg7+ Kd8 37. Ne6+ Kc8 38. Ndc5 Rxc5 39. Nxc5 Rxc5 40.
Rxh7 Rc2 41. Rf7 Rxg2 42. g4 Rxa2 43. Rxf6 Kd7 44. Ke4 Re2+ 45. Kf5 Re3 46. Kg6
Ke7 47. Rf5 e4 48. fxe4 Rxe4 49. g5 Ke8 50. Kh6 Re6+ 51. g6 Ke7 52. Kh7 Re1 53.
g7 Rh1+ 54. Kg8 Ke6 55. Rf7 Ra1 56. Rb7 Kf6 57. Rb2 Ra7 58. Rg2 Rb7 59. Kh8 Rb1
60. g8=Q Rh1+ 61. Qh7 Rxh7+ 62. Kxh7 Kf5 63. Kh6 Kf4 64. Kh5 Kf3 65. Rg8 Kf4 66.
Rg7 Kf3 67. Kh4 Kf4 68. Rf7+ Ke5 69. Kg4 Ke6 70. Rf1 Ke5 71. Rf2 Ke6 72. Kg5 Ke5
73. Re2+ Kd4 74. Kf5 Kd3 75. Re8 Kd4 76. Re7 Kd3 77. Kf4 Kd2 78. Kf3 Kd3 79.
Rd7+ Kc4 80. Ke3 Kc5 81. Ke4 Kc6 82. Rd1 Kc5 83. Rd2 Kc6 84. Ke5 Kc7 85. Ke6 Kc6
86. Rc2+ Kb5 87. Kd6 Kb4 88. Kd5 Kb3 89. Rc8 Kb4 90. Rc7 Kb3 91. Kd4 Kb2 92. Kd3
Kb1 93. Kd2 Kb2 94. Rb7+ Ka3 95. Kc3 Ka4 96. Rb1 Ka5 97. Kc4 Ka6 98. Kc5 Ka7 99.
Kc6 Ka8 100. Kc7 Ka7 101. Ra1# 1-0

[Event "2nd Cambridge Int Open"]
[Site "Cambridge ENG"]
[Date "2024.02.21"]
[Round "5.1"]
[White "Wachinger, Nikolas"]
[Black "Sonis, Francesco"]
[Result "1/2-1/2"]
[WhiteTitle "IM"]
[BlackTitle "GM"]
[WhiteElo "2432"]
[BlackElo "2570"]
[WhiteFideId "12962791"]
[BlackFideId "895733"]
[EventDate "2024.02.19"]

1. e4 c5 2. Nf3 d6 3. Bb5+ Nd7 4. d4 cxd4 5. Nxd4 Nf6 6. O-O a6 7. Bd3 Nc5 8.
Nc3 g6 9. Re1 Bg7 10. Bf1 O-O 11. Bg5 h6 12. Bh4 e6 13. Qd2 g5 14. Bg3 Nh5 15.
Rad1 Nxg3 16. hxg3 Bd7 17. Nb3 Na4 18. Nxa4 Bxa4 19. c3 Bxb3 20. axb3 Qb6 21. b4
Rfd8 22. Qe3 Qxe3 23. Rxe3 Kf8 24. Ra1 Ke7 25. g4 d5 26. exd5 Rxd5 27. Rd3 Rad8
28. Rad1 R8d6 29. Be2 Kd7 30. Kf1 Kc7 31. g3 b5 32. Ke1 Kb6 33. Kd2 Rd7 34. Kc2
Be5 35. Bf3 Rxd3 36. Rxd3 Rxd3 37. Kxd3 f5 38. Bd1 f4 39. gxf4 Bxf4 40. Bb3 e5
41. Bd5 1/2-1/2

[Event "2nd Cambridge Int Open"]
[Site "Cambridge ENG"]
[Date "2024.02.21"]
[Round "5.2"]
[White "Fernandez, Daniel Howard"]
[Black "Tiviakov, Sergei"]
[Result "1/2-1/2"]
[WhiteTitle "GM"]
[BlackTitle "GM"]
[WhiteElo "2526"]
[BlackElo "2534"]
[WhiteFideId "5801605"]
[BlackFideId "1008013"]
[EventDate "2024.02.19"]

1. Nf3 Nf6 2. c4 b6 3. g3 Bb7 4. Bg2 e6 5. O-O Be7 6. d4 c6 7. Nc3 d5 8. Nd2 O-O
9. e4 Na6 10. b3 c5 11. exd5 exd5 12. dxc5 Nxc5 13. Ba3 Rb8 14. Nxd5 Nxd5 15.
cxd5 Bxd5 16. Re1 Bxg2 17. Kxg2 Ne6 18. Bxe7 Qxe7 19. Nf3 Qb7 20. Qe2 Rfe8 21.
Qe4 Qxe4 22. Rxe4 Rbc8 23. h4 Kf8 24. b4 Rc2 25. a4 Rd8 26. a5 b5 27. Rae1 g6
28. R1e3 Kg7 29. h5 Rd6 30. Ne1 Rcd2 31. Nf3 Rc2 32. Ne1 Rcd2 33. Nf3 1/2-1/2

[Event "2nd Cambridge Int Open"]
[Site "Cambridge ENG"]
[Date "2024.02.21"]
[Round "5.3"]
[White "Wadsworth, Matthew J"]
[Black "Willow, Jonah B"]
[Result "1/2-1/2"]
[WhiteTitle "IM"]
[BlackTitle "IM"]
[WhiteElo "2444"]
[BlackElo "2445"]
[WhiteFideId "415804"]
[BlackFideId "438804"]
[EventDate "2024.02.19"]

1. d4 Nf6 2. c4 e6 3. Nf3 d5 4. Nc3 Nbd7 5. Bf4 Bb4 6. cxd5 exd5 7. e3 Ne4 8.
Qc2 g5 9. Be5 Nxe5 10. Nxe5 c6 11. Bd3 f6 12. Nf3 Qe7 13. a3 Bxc3+ 14. bxc3 Nd6
15. Nd2 Be6 16. c4 dxc4 17. Nxc4 Nxc4 18. Bxc4 O-O-O 19. O-O f5 20. Rab1 Bxc4
21. Qxc4 Rd5 22. Rfc1 Rhd8 23. Qa4 Qc7 24. Qxa7 Ra5 25. Qb6 Qxb6 26. Rxb6 Rxa3
27. Rb5 f4 28. Re5 g4 29. g3 fxe3 30. fxe3 Rf8 31. d5 Rf6 32. Re7 h6 33. e4 Ra2
34. Rh7 Re2 35. Ra1 Kb8 36. Rb1 Rxe4 37. dxc6 Rxc6 38. Rbxb7+ Kc8 39. Rbf7 Rc1+
40. Rf1 Rxf1+ 41. Kxf1 Re6 42. Rg7 Re4 43. Rg6 h5 44. Rg5 Kd7 45. Rxh5 Ke6 46.
Kf2 Kf6 47. Ra5 Rb4 48. Ke3 Rb3+ 49. Kd4 Rb2 50. Rh5 Kg6 51. Rh8 Kg5 52. Ke4
Rb4+ 53. Ke5 Rb5+ 54. Ke4 Rb4+ 55. Ke5 Rb5+ 56. Ke4 1/2-1/2

[Event "2nd Cambridge Int Open"]
[Site "Cambridge ENG"]
[Date "2024.02.21"]
[Round "5.5"]
[White "Pert, Richard G"]
[Black "Royal, Shreyas"]
[Result "1/2-1/2"]
[WhiteTitle "IM"]
[BlackTitle "IM"]
[WhiteElo "2413"]
[BlackElo "2483"]
[WhiteFideId "404748"]
[BlackFideId "448869"]
[EventDate "2024.02.19"]

1. d4 d5 2. Nf3 Nf6 3. Bf4 c5 4. e3 Nc6 5. Nbd2 Nh5 6. Be5 e6 7. c4 cxd4 8. cxd5
Qxd5 9. Bxd4 Bb4 10. a3 Nxd4 11. Nxd4 Bxd2+ 12. Qxd2 O-O 13. Nf3 Qxd2+ 14. Kxd2
Rd8+ 15. Bd3 b6 16. Ke2 Bb7 17. Rhd1 Rac8 18. Rac1 Nf6 19. Bb5 Rxd1 20. Rxc8+
Bxc8 21. Kxd1 Bb7 22. Ke2 Kf8 23. g3 a6 1/2-1/2

[Event "2nd Cambridge Int Open"]
[Site "Cambridge ENG"]
[Date "2024.02.21"]
[Round "5.6"]
[White "Pozzari, Simone"]
[Black "Turner, Matthew J"]
[Result "1/2-1/2"]
[BlackTitle "GM"]
[WhiteElo "2290"]
[BlackElo "2447"]
[WhiteFideId "2831282"]
[BlackFideId "402893"]
[EventDate "2024.02.19"]

1. d4 d5 2. c4 c6 3. Nc3 Nf6 4. e3 a6 5. Nf3 Bf5 6. Nh4 Bg6 7. Nxg6 hxg6 8. a3
Nbd7 9. Qb3 Qb6 10. Qxb6 Nxb6 11. c5 Nbd7 12. f4 Ne4 13. Nxe4 dxe4 14. b4 Nf6
15. Bc4 e6 16. Bd2 Be7 17. O-O Nd5 18. a4 Kd7 19. b5 axb5 20. axb5 Nc7 21. b6
Nd5 22. Rfb1 Rxa1 23. Rxa1 f5 24. Ra7 Rb8 25. Kf2 g5 26. fxg5 Bxg5 27. Ke2 g6
28. Be1 Nxe3 29. Ba6 Nc2 30. Bc3 Kc8 31. Bc4 Bf6 32. Bxe6+ Kd8 33. Ra4 f4 34.
Bf7 Ke7 35. Bxg6 Rd8 36. Bxe4 Nxd4+ 37. Bxd4 Rxd4 38. Rxd4 Bxd4 39. Kf3 1/2-1/2

[Event "2nd Cambridge Int Open"]
[Site "Cambridge ENG"]
[Date "2024.02.21"]
[Round "5.7"]
[White "Hanley, Craig A"]
[Black "Wells, Peter K"]
[Result "1/2-1/2"]
[WhiteTitle "IM"]
[BlackTitle "GM"]
[WhiteElo "2431"]
[BlackElo "2343"]
[WhiteFideId "408514"]
[BlackFideId "400327"]
[EventDate "2024.02.19"]

1. d4 Nf6 2. Bf4 d5 3. e3 c5 4. c3 Nc6 5. Nd2 Bf5 6. Ngf3 Qb6 7. Nh4 Be4 8. f3
Bg6 9. Nxg6 hxg6 10. Qa4 cxd4 11. cxd4 Nh5 12. Bb5 Nxf4 13. exf4 a6 1/2-1/2

[Event "2nd Cambridge Int Open"]
[Site "Cambridge ENG"]
[Date "2024.02.21"]
[Round "5.9"]
[White "Dierssen Garcia-Barredo, Guiller"]
[Black "Saine, Zachary"]
[Result "1-0"]
[WhiteElo "1937"]
[BlackElo "2005"]
[WhiteFideId "22298274"]
[BlackFideId "2624346"]
[EventDate "2024.02.19"]

1. e4 e5 2. Nf3 Nc6 3. d4 exd4 4. Bc4 Bc5 5. c3 Nf6 6. cxd4 Bb4+ 7. Bd2 Nxe4 8.
Bxb4 Nxb4 9. Bxf7+ Kxf7 10. Qb3+ d5 11. Qxb4 Rf8 12. Nc3 Nxc3 13. Qxc3 Kg8 14.
Rc1 Bf5 15. O-O c6 16. Rfe1 Qf6 17. Ne5 h5 18. Qb4 Rab8 19. Rc3 Be4 20. f3 Bf5
21. Rce3 h4 22. Qd2 b6 23. g4 hxg3 24. hxg3 Rbd8 25. g4 Bh7 26. Rc3 c5 27. g5
Qf5 28. Nc6 Qh3 29. Nxd8 Qg3+ 30. Kf1 Rxd8 31. Qg2 Qh4 32. g6 Bxg6 33. Qxg6 Qxd4
34. Rce3 Rf8 35. Re8 Qc4+ 36. Kg2 Qc2+ 37. Qxc2 1-0

[Event "2nd Cambridge Int Open"]
[Site "Cambridge ENG"]
[Date "2024.02.21"]
[Round "5.10"]
[White "Martyn, Rafe"]
[Black "Vardanyan, Aras"]
[Result "0-1"]
[WhiteTitle "FM"]
[BlackTitle "FM"]
[WhiteElo "2206"]
[BlackElo "2299"]
[WhiteFideId "409626"]
[BlackFideId "12808792"]
[EventDate "2024.02.19"]

1. e4 c5 2. Nf3 d6 3. d4 cxd4 4. Nxd4 Nf6 5. Nc3 Nc6 6. Bg5 e6 7. Qd2 a6 8.
O-O-O Bd7 9. f4 h6 10. Bh4 Be7 11. Nf3 b5 12. Bxf6 gxf6 13. f5 Qb6 14. fxe6 fxe6
15. g3 Rc8 16. Bh3 Qc5 17. Kb1 Qh5 18. Qg2 Na5 19. Ne2 Nc4 20. Nf4 Qc5 21. Nxe6
Qb4 22. c3 Na3+ 23. Ka1 Qxe4 24. Ned4 Nc4 25. Rhe1 Qb7 26. Bxd7+ Qxd7 27. Ne6
Qb7 28. Qe2 Kf7 29. Nfd4 h5 30. Rf1 b4 31. cxb4 Qxb4 32. Rc1 Qd2 33. Ng5+ Kg6
34. Qe4+ Kh6 35. Nf5+ Kxg5 36. h4+ Kg6 37. Nxd6+ Kh6 38. Nf5+ Kg6 39. Rxc4 Rxc4
40. Qxc4 Bd6 41. Qe4 Be5 42. Ne3+ Kh6 43. Nf5+ Kg6 44. Ne3+ Kh6 45. Nc4 Qd4 46.
Qe2 Rb8 47. Nxe5 Qxe5 48. Qf2 Kg6 49. a3 a5 50. Re1 Rxb2 51. Rxe5 Rxf2 52. Rxa5
Rf3 53. Kb2 Rxg3 54. Rb5 Rg4 55. Rb4 f5 56. Kc3 f4 57. a4 f3 58. Rxg4+ hxg4 59.
Kd2 g3 60. Ke3 g2 61. Kf2 Kh5 62. a5 Kxh4 63. a6 Kh5 64. Kg1 Kh4 0-1